[Event "M.Chigorin Memorial"]
[Site "St. Petersburg RUS"]
[Date "2009.10.19"]
[Round "4.76"]
[White "Kushka, Alena"]
[Black "Dzhumagaliev, Yan"]
[Result "0-1"]
[WhiteElo "2182"]
[BlackElo "2358"]
[PlyCount "82"]
[EventDate "2009.??.??"]

1. d4 Nf6 2. c4 e6 3. Nc3 Bb4 4. Bg5 c5 5. d5 d6 6. e3 Qe7 7. Nf3 Bxc3+ 8. bxc3
h6 9. Bh4 e5 10. Nd2 Bf5 11. Be2 Nbd7 12. O-O O-O-O 13. e4 g5 14. exf5 gxh4 15.
Rb1 Nb8 16. Rb5 e4 17. Re1 e3 18. Bf3 exf2+ 19. Kxf2 Qc7 20. Ne4 Nbd7 21. Rb2
Rde8 22. Rbe2 Nxe4+ 23. Rxe4 Qd8 24. Rxe8 Rxe8 25. Rxe8 Qxe8 26. Qe2 Ne5 27.
Qe4 Qe7 28. Ke2 Kd8 29. Kd1 Qg5 30. Kc2 Ke7 31. Kb3 Kf6 32. a3 Kg7 33. Kc2 Kg8
34. Kd1 Kf8 35. Ke2 Kg7 36. Kd1 Kf6 37. Ke2 h3 38. gxh3 Qxf5 39. Qh4+ Qg5 40.
Qe4 Kg7 41. Bg4 Qc1 0-1

[Event "M.Chigorin Memorial"]
[Site "St. Petersburg RUS"]
[Date "2009.10.19"]
[Round "4.77"]
[White "Alekseenko, Kirill"]
[Black "Fedoseev, Vladimir"]
[Result "0-1"]
[WhiteElo "2174"]
[BlackElo "2352"]
[PlyCount "179"]
[EventDate "2009.??.??"]

1. e4 c5 2. Nf3 d6 3. d4 cxd4 4. Nxd4 Nf6 5. Nc3 g6 6. Be2 Bg7 7. Be3 Nc6 8.
O-O O-O 9. Nb3 a5 10. a4 Be6 11. Nd4 Bd7 12. Kh1 Nxd4 13. Bxd4 Bc6 14. f3 e5
15. Be3 d5 16. exd5 Nxd5 17. Nxd5 Bxd5 18. Bc5 Re8 19. Bb5 Re6 20. c3 e4 21. f4
e3 22. Re1 Bh6 23. Qg4 Re4 24. Bxe3 Qe7 25. Bd2 Rd8 26. Bf1 Bc6 27. Rxe4 Qxe4
28. Re1 Qxa4 29. Bc1 Bg7 30. Qh4 Rd1 31. Qf2 Bf8 32. Be3 Rxe1 33. Qxe1 Bg7 34.
Kg1 Qb3 35. Qd2 h5 36. f5 Be4 37. Qd8+ Kh7 38. fxg6+ Bxg6 39. Qb6 Qd5 40. Qb5
Qe4 41. Bc5 Be5 42. Qe2 Qd5 43. Qc4 Qc6 44. Bd4 Qe4 45. Bxe5 Qe3+ 46. Kh1 Qxe5
47. Qd4 Qe1 48. Kg1 Qb1 49. Qf2 b5 50. h3 b4 51. cxb4 axb4 52. g4 hxg4 53. hxg4
Qe4 54. Be2 Kg7 55. Bf3 Qf4 56. Kg2 Qe5 57. b3 f6 58. Qe2 Qc5 59. Qf2 Qe5 60.
Qe2 Qd6 61. Qb2 Qf4 62. Qe2 Bf7 63. Qe7 Qd4 64. Kg3 Qd2 65. Bg2 Qc3+ 66. Kh2
Qe5+ 67. Qxe5 fxe5 68. Kg3 Bxb3 69. Kf2 Bf7 70. Ke3 Kf6 71. Bf3 Kg5 72. Be2 b3
73. Kd2 Kf4 74. Kc3 e4 75. Kd2 e3+ 76. Kd1 Bg6 77. Kc1 Kg3 78. Bc4 Kf2 79. g5
e2 80. Bxe2 Kxe2 81. Kb2 Bf7 82. g6 Bg8 83. g7 Ke3 84. Ka1 Kf4 85. Kb2 Ke5 86.
Ka1 Kf6 87. Kb2 Kxg7 88. Ka1 Kf6 89. Kb2 Ke5 90. Ka1 0-1

[Event "M.Chigorin Memorial"]
[Site "St. Petersburg RUS"]
[Date "2009.10.19"]
[Round "4.80"]
[White "Vorobjev, Dmitry"]
[Black "Zhigalko, Andrey"]
[Result "0-1"]
[WhiteElo "2092"]
[BlackElo "2601"]
[PlyCount "86"]
[EventDate "2009.??.??"]

1. e4 c5 2. Nf3 e6 3. d4 cxd4 4. Nxd4 a6 5. Nc3 d6 6. g3 Nf6 7. Bg2 Be7 8. O-O
O-O 9. Re1 Qc7 10. Qe2 Nc6 11. Nxc6 bxc6 12. e5 dxe5 13. Qxe5 Bd6 14. Qe2 Rb8
15. Rb1 h6 16. b3 e5 17. Bb2 Bb7 18. Nd1 Rfe8 19. Ne3 Bb4 20. Red1 a5 21. Ng4
Nd5 22. Bxe5 Qc8 23. Qf3 h5 24. Nh6+ gxh6 25. Bxb8 Qxb8 26. a3 Bf8 27. c4 Nb6
28. Qxh5 Re5 29. Rd8 Qxd8 30. Qxe5 Nd7 31. Qf5 Nf6 32. Bf3 Bc8 33. Qe5 Qd3 34.
Qxf6 Qxb1+ 35. Kg2 Qxb3 36. Qxc6 Be6 37. Bd5 Bxd5+ 38. cxd5 Qxa3 39. h4 Qb4 40.
f4 a4 41. Qa8 a3 42. Kh3 Qe4 43. Kg4 h5+ 0-1

[Event "M.Chigorin Memorial"]
[Site "St. Petersburg RUS"]
[Date "2009.10.19"]
[Round "4.81"]
[White "Mikheev, Stanislav"]
[Black "Markevich, Ilya"]
[Result "1-0"]
[WhiteElo "2332"]
[BlackElo "2157"]
[PlyCount "63"]
[EventDate "2009.??.??"]

1. d4 d5 2. Nf3 e6 3. c4 c5 4. e3 Nc6 5. Nc3 Nf6 6. a3 a6 7. dxc5 Bxc5 8. b4
Ba7 9. Bb2 O-O 10. Qc2 Qe7 11. Rd1 Rd8 12. Be2 d4 13. exd4 Nxd4 14. Nxd4 Bxd4
15. O-O e5 16. Bf3 Be6 17. c5 Rac8 18. Rfe1 Qc7 19. Ne4 Nxe4 20. Bxe4 g6 21.
Bxd4 exd4 22. Qd3 b5 23. Qf3 Rd7 24. Qf6 Rcd8 25. h4 d3 26. Rd2 Bf5 27. Bc6 Be6
28. Bxd7 Qxd7 29. Re3 Bf5 30. h5 gxh5 31. Re7 Qd5 32. Re5 1-0

[Event "M.Chigorin Memorial"]
[Site "St. Petersburg RUS"]
[Date "2009.10.19"]
[Round "4.82"]
[White "Letov, Petr"]
[Black "Kostiukov, Alexandr"]
[Result "0-1"]
[WhiteElo "2157"]
[BlackElo "2317"]
[PlyCount "150"]
[EventDate "2009.??.??"]

1. e4 c5 2. Nf3 Nc6 3. d4 cxd4 4. Nxd4 g6 5. c4 Bg7 6. Be3 Nf6 7. Nc3 O-O 8.
Be2 Nxd4 9. Bxd4 Qa5 10. O-O d6 11. a3 Be6 12. b4 Qc7 13. Rc1 Rfc8 14. c5 dxc5
15. Bxc5 Rd8 16. Qe1 b6 17. Be3 Ng4 18. Bxg4 Bxg4 19. f3 Bd7 20. Nd5 Qe5 21.
Rd1 Bb5 22. Rf2 Ba4 23. Rc1 e6 24. Nc3 Bb3 25. f4 Qd6 26. e5 Qd3 27. Rd2 Qa6
28. a4 Qb7 29. Nb5 Bxa4 30. Nd6 Qe7 31. Ra2 Qd7 32. Rd2 Qe7 33. Bf2 h6 34. Qe4
Bb3 35. b5 Bd5 36. Qb4 f5 37. Rdc2 Rd7 38. Qa3 Kh7 39. Qh3 g5 40. Be3 gxf4 41.
Bxf4 a6 42. bxa6 Rxa6 43. Nxf5 exf5 44. Qxf5+ Kh8 45. Rc8+ Bg8 46. R8c6 Qf7 47.
Qe4 Qd5 48. Qxd5 Bxd5 49. Rd6 Rxd6 50. exd6 Ra7 51. Be3 Rb7 52. Rc7 Be5 53.
Rxb7 Bxb7 54. Bxb6 Bxd6 55. Be3 Kh7 56. Bf2 Kg6 57. Be3 h5 58. Bf2 Kg5 59. Be3+
Bf4 60. Bf2 Kf5 61. h3 Kg5 62. Bb6 Bg3 63. Bc5 Kf5 64. Bb6 Ke4 65. Bc5 Bd5 66.
Bb6 Be6 67. Bc5 Bf4 68. Be7 Be3+ 69. Kh2 Bf2 70. Bd6 Ke3 71. Bg3 Ke2 72. Be5
Kf1 73. Bd6 h4 74. Be7 Bg3+ 75. Kh1 Bd5 0-1

[Event "M.Chigorin Memorial"]
[Site "St. Petersburg RUS"]
[Date "2009.10.19"]
[Round "4.83"]
[White "Agaragimov, Djakhangir"]
[Black "Rjanova, Valery"]
[Result "1-0"]
[WhiteElo "2313"]
[BlackElo "2129"]
[PlyCount "71"]
[EventDate "2009.??.??"]

1. d4 Nf6 2. c4 g6 3. Nc3 Bg7 4. e4 O-O 5. h3 d6 6. Be3 e5 7. d5 Na6 8. Bd3 Nh5
9. g3 Qe8 10. Be2 f5 11. exf5 Nf6 12. fxg6 Qxg6 13. Nf3 Ne4 14. Nxe4 Qxe4 15.
a3 c6 16. g4 Nc7 17. Qb1 Qxb1+ 18. Rxb1 cxd5 19. cxd5 b5 20. O-O Bb7 21. Nh4
Bxd5 22. Rbc1 Ne6 23. Nf5 Rxf5 24. gxf5 Nd4 25. Bxd4 exd4 26. Bxb5 Rb8 27. Bc4
Bxc4 28. Rxc4 Rxb2 29. Rd1 a5 30. Rc8+ Kf7 31. Rc7+ Kf8 32. Ra7 Rb5 33. Rc1 Rc5
34. Rb1 Kg8 35. f6 Bf8 36. Rb3 1-0

[Event "M.Chigorin Memorial"]
[Site "St. Petersburg RUS"]
[Date "2009.10.19"]
[Round "4.84"]
[White "Balaian, Alina"]
[Black "Urjubdshzirov, Erdni"]
[Result "0-1"]
[WhiteElo "2148"]
[BlackElo "2306"]
[PlyCount "80"]
[EventDate "2009.??.??"]

1. e4 c5 2. Nc3 Nc6 3. g3 g6 4. d3 Bg7 5. Be3 d6 6. Qd2 Rb8 7. Bg2 b5 8. h3 b4
9. Nd1 Qb6 10. f4 Nf6 11. g4 Nd7 12. Ne2 a5 13. c3 bxc3 14. bxc3 Ba6 15. O-O a4
16. Rc1 Qa5 17. Ng3 Rb6 18. Nf2 a3 19. Rc2 O-O 20. Ne2 Rfb8 21. Nc1 Bb5 22. Nb3
Qa6 23. Qc1 Qa4 24. Nd2 R6b7 25. Nb1 Bxd3 26. Nxd3 Rxb1 27. Qd2 c4 28. Rxb1
Rxb1+ 29. Nc1 Nb4 30. cxb4 Rb2 31. Nb3 cxb3 32. Rc8+ Nf8 33. Qd1 Qa6 34. Rc1
bxa2 35. Bf1 Qb7 36. Bd3 Qxb4 37. Bc4 Qxc4 38. Rxc4 Rb1 39. Rc1 Rxc1 40. Bxc1
a1=Q 0-1

[Event "M.Chigorin Memorial"]
[Site "St. Petersburg RUS"]
[Date "2009.10.19"]
[Round "4.85"]
[White "Guzenko, Artem"]
[Black "Khakimov, Timur"]
[Result "0-1"]
[WhiteElo "2139"]
[BlackElo "2291"]
[PlyCount "94"]
[EventDate "2009.??.??"]

1. e4 c5 2. Nf3 e6 3. d4 cxd4 4. Nxd4 Nf6 5. Nc3 Nc6 6. Ndb5 d6 7. Bf4 e5 8.
Bg5 a6 9. Na3 b5 10. Nd5 Be7 11. Bxf6 Bxf6 12. c4 b4 13. Nc2 a5 14. Be2 O-O 15.
O-O Bg5 16. Qd3 Be6 17. Rfd1 f5 18. Bf3 Ra7 19. exf5 Bxf5 20. Be4 Raf7 21. Bxf5
Rxf5 22. Nde3 R5f7 23. Qxd6 Qc8 24. Rf1 Rd8 25. Qc5 Nd4 26. Qxc8 Rxc8 27. b3
Ne2+ 28. Kh1 Rcf8 29. Ng4 Nc3 30. Kg1 Ne2+ 31. Kh1 e4 32. f3 Nc3 33. Nd4 Bd2
34. Ne5 e3 35. Nxf7 Kxf7 36. Nb5 e2 37. Rfe1 Bxe1 38. Rxe1 Rd8 39. Kg1 Rd2 40.
a4 Ke6 41. Kf2 Nd1+ 42. Kg3 Kd7 43. Kf4 g5+ 44. Ke4 Nc3+ 45. Nxc3 bxc3 46. Ke3
Rb2 47. Kd3 c2 0-1

[Event "M.Chigorin Memorial"]
[Site "St. Petersburg RUS"]
[Date "2009.10.19"]
[Round "4.86"]
[White "Homiakova, Ekaterina"]
[Black "Bronnikova, Elizaveta"]
[Result "1-0"]
[WhiteElo "2122"]
[BlackElo "2290"]
[PlyCount "137"]
[EventDate "2009.??.??"]

1. e4 c5 2. Nf3 d6 3. d4 cxd4 4. Nxd4 Nf6 5. Nc3 Nc6 6. Bc4 Qb6 7. Nxc6 bxc6 8.
O-O e6 9. Qe2 Nd7 10. Qh5 Nf6 11. Qe2 Be7 12. e5 Nd5 13. Nxd5 cxd5 14. Bb5+ Kf8
15. exd6 Bxd6 16. Kh1 Bb7 17. f4 a6 18. Ba4 Qd4 19. Bb3 Ke7 20. c3 Qe4 21. Qf2
f6 22. Re1 Qd3 23. Bc2 Qc4 24. Bf5 Bc8 25. Bxe6 Bxe6 26. f5 Be5 27. fxe6 Rhe8
28. Be3 Kxe6 29. Bd4 Rab8 30. Qg3 Qc7 31. Bxe5 fxe5 32. Qh3+ Kd6 33. b3 g6 34.
Rad1 Rbd8 35. c4 d4 36. Qf3 Re6 37. Qh3 Rf8 38. Rxd4+ Ke7 39. Qxh7+ Rf7 40.
Qh4+ Ke8 41. Rde4 Rf5 42. h3 Qd6 43. Qg4 Ref6 44. Qd1 Qc5 45. b4 Qc7 46. c5 Kf8
47. Qd5 Kg7 48. Kg1 Qb8 49. a3 Qb5 50. Qd1 Qb8 51. Qa1 Re6 52. a4 Kf6 53. Qc3
g5 54. Qd3 Qc7 55. Rc4 Qc6 56. Qc2 Re8 57. Rd1 Re6 58. Re1 Re8 59. Rd1 Re6 60.
b5 axb5 61. axb5 Qxb5 62. c6 Qb6+ 63. Kh1 Rf2 64. Qc3 Qc7 65. Rd7 Qb6 66. Qc1
Kg6 67. h4 Rf4 68. c7 e4 69. Qxf4 1-0

[Event "M.Chigorin Memorial"]
[Site "St. Petersburg RUS"]
[Date "2009.10.19"]
[Round "4.87"]
[White "Kuzevanova, Evgenia"]
[Black "Bazeev, German"]
[Result "0-1"]
[WhiteElo "2116"]
[BlackElo "2274"]
[PlyCount "166"]
[EventDate "2009.??.??"]

1. e4 c5 2. Nf3 d6 3. d4 cxd4 4. Qxd4 a6 5. c4 Nc6 6. Qd2 g6 7. b3 Nf6 8. Nc3
Bg7 9. Bb2 O-O 10. Be2 Qa5 11. Rb1 Bg4 12. O-O Nd7 13. a3 Bxf3 14. Bxf3 Nd4 15.
Bd1 Rac8 16. b4 Qd8 17. Ne2 Ne6 18. Bxg7 Kxg7 19. Bb3 Ne5 20. Rbc1 Qb6 21. h3
Rc7 22. Kh1 Rfc8 23. Qb2 f6 24. Qa2 Nd4 25. Nf4 Nxb3 26. Qxb3 Rxc4 27. Rxc4
Nxc4 28. Nd5 Qd8 29. Rc1 b5 30. f4 Qd7 31. Rd1 Qe6 32. Qf3 Nb2 33. Re1 Na4 34.
Kh2 Rc4 35. Re2 Rc6 36. Qe3 Qd7 37. Qd4 Rc4 38. Qe3 e6 39. Nb6 Nxb6 40. Qxb6
Rc6 41. Qd4 Qc7 42. Rd2 Qb6 43. Qxb6 Rxb6 44. Rc2 f5 45. e5 dxe5 46. fxe5 g5
47. Kg3 Kg6 48. Kf3 a5 49. Rc8 axb4 50. axb4 Ra6 51. Rg8+ Kf7 52. Rb8 Ra3+ 53.
Kf2 f4 54. Rxb5 Kg6 55. Rb8 Kf5 56. b5 Rb3 57. b6 Rb2+ 58. Kf1 Kxe5 59. b7 h5
60. Rg8 Rxb7 61. Rxg5+ Kd4 62. Rxh5 e5 63. Kf2 e4 64. Ra5 Rb2+ 65. Kf1 Ke3 66.
Ra3+ Kd2 67. Ra8 Rb1+ 68. Kf2 e3+ 69. Kf3 Rf1+ 70. Kg4 e2 71. Rd8+ Kc3 72. Re8
e1=Q 73. Rxe1 Rxe1 74. Kxf4 Kd4 75. g4 Rf1+ 76. Kg5 Ke5 77. h4 Rf8 78. Kg6 Ke6
79. g5 Rg8+ 80. Kh6 Rh8+ 81. Kg7 Rxh4 82. g6 Rg4 83. Kh7 Kf6 0-1

[Event "M.Chigorin Memorial"]
[Site "St. Petersburg RUS"]
[Date "2009.10.19"]
[Round "4.88"]
[White "Volokushin, Dmitry"]
[Black "Dolzhikova, Kateryna"]
[Result "0-1"]
[WhiteElo "2102"]
[BlackElo "2272"]
[PlyCount "94"]
[EventDate "2009.??.??"]

1. e4 c5 2. Nf3 d6 3. d4 cxd4 4. Nxd4 Nf6 5. Bd3 g6 6. O-O Bg7 7. h3 O-O 8. c3
Nc6 9. Nf3 e5 10. c4 Ne8 11. Nh2 f5 12. f4 fxe4 13. Bxe4 exf4 14. Nc3 Be5 15.
Nf3 Nf6 16. Bc2 Be6 17. Nd5 Nh5 18. Re1 Qa5 19. Kh2 Rae8 20. Bd2 Qc5 21. Nc7
Re7 22. Nxe6 Rxe6 23. Rb1 Nd4 24. Bd3 Nf5 25. b4 Qf2 26. Re2 Qg3+ 27. Kh1 Nd4
28. Be4 Nxf3 29. Bxf3 Ref6 30. c5 Qg5 31. Be1 Kh8 32. cxd6 Rxd6 33. Qc2 Ng3+
34. Bxg3 fxg3 35. Bxb7 Rdf6 36. Bf3 Qh5 37. Qe4 Rxf3 38. gxf3 Qxh3+ 39. Kg1 Bc7
40. Qd4+ Kg8 41. Qc4+ Rf7 42. Rd1 Bb6+ 43. Rd4 Kg7 44. Qd5 Rxf3 45. Rg2 Qf5 46.
Qb7+ Kh6 47. Rgd2 Bxd4+ 0-1

[Event "M.Chigorin Memorial"]
[Site "St. Petersburg RUS"]
[Date "2009.10.19"]
[Round "4.89"]
[White "Solovjova, Valentina"]
[Black "Gutyakulov, Amal"]
[Result "1-0"]
[WhiteElo "2257"]
[BlackElo "2089"]
[PlyCount "39"]
[EventDate "2009.??.??"]

1. e4 c5 2. c3 d5 3. exd5 Qxd5 4. d4 Nc6 5. Nf3 Bg4 6. Be2 e6 7. h3 Bh5 8. c4
Qd6 9. d5 Bxf3 10. Bxf3 Nd4 11. O-O e5 12. Be3 Be7 13. Nc3 f5 14. b4 Nxf3+ 15.
Qxf3 cxb4 16. c5 Qd7 17. c6 bxc6 18. dxc6 Qe6 19. Nb5 e4 20. Qg3 1-0

[Event "M.Chigorin Memorial"]
[Site "St. Petersburg RUS"]
[Date "2009.10.19"]
[Round "4.90"]
[White "Ivanov, Miroslav"]
[Black "Zakharchenko, Arnold"]
[Result "0-1"]
[WhiteElo "2090"]
[BlackElo "2255"]
[PlyCount "78"]
[EventDate "2009.??.??"]

1. e4 g6 2. d4 Bg7 3. Nc3 c6 4. Nf3 d5 5. e5 Bg4 6. Be2 e6 7. Bg5 Qb6 8. Qd2
Nd7 9. O-O h6 10. Bf4 Bxf3 11. Bxf3 Ne7 12. g4 c5 13. Na4 Qc7 14. Nxc5 Nxc5 15.
dxc5 Bxe5 16. Bxe5 Qxe5 17. c4 O-O-O 18. cxd5 Nxd5 19. Rfe1 Qf4 20. Qxf4 Nxf4
21. Rad1 Kc7 22. h4 a5 23. Kh2 Nd3 24. Re4 Nxf2 25. Rxd8 Rxd8 26. Rf4 f5 27.
gxf5 gxf5 28. Ra4 Rd2 29. b3 b6 30. cxb6+ Kxb6 31. Kg3 e5 32. b4 axb4 33. Rxb4+
Kc5 34. Rb8 f4+ 35. Kg2 Rxa2 36. Re8 Kd4 37. h5 e4 38. Rd8+ Ke3 39. Re8 Ng4+
0-1

[Event "M.Chigorin Memorial"]
[Site "St. Petersburg RUS"]
[Date "2009.10.19"]
[Round "4.91"]
[White "Balakirev, Ilya"]
[Black "Atlas, Eduard"]
[Result "0-1"]
[WhiteElo "2255"]
[BlackElo "2060"]
[PlyCount "46"]
[EventDate "2009.??.??"]

1. e4 c5 2. Nf3 d6 3. d4 cxd4 4. Nxd4 Nf6 5. Nc3 a6 6. Bc4 e5 7. Nf5 Bxf5 8.
exf5 Qc8 9. Qd3 Nc6 10. Ne4 Nxe4 11. Qxe4 Be7 12. Be3 O-O 13. g4 Nd4 14. Bd3 d5
15. Qxd5 Nxc2+ 16. Bxc2 Qxc2 17. O-O Qxb2 18. Rab1 Qe2 19. h3 b5 20. Bb6 Qc4
21. Qb7 Bg5 22. Rb3 Rfb8 23. Qc7 Bd8 0-1

[Event "M.Chigorin Memorial"]
[Site "St. Petersburg RUS"]
[Date "2009.10.19"]
[Round "4.92"]
[White "Kaganskiy, Gleb"]
[Black "Dolgusheva, Izabella"]
[Result "1-0"]
[WhiteElo "2248"]
[BlackElo "2057"]
[PlyCount "61"]
[EventDate "2009.??.??"]

1. Nf3 Nf6 2. c4 e6 3. Nc3 c5 4. g3 b6 5. Bg2 Bb7 6. O-O Be7 7. Re1 d6 8. e4 a6
9. d4 cxd4 10. Nxd4 Qc7 11. Be3 Nbd7 12. Rc1 O-O 13. f4 Rac8 14. f5 e5 15. Nb3
Qb8 16. Nd2 Nc5 17. Qe2 Qa8 18. Nd5 Bxd5 19. cxd5 b5 20. g4 Nfd7 21. g5 Na4 22.
f6 Bd8 23. Bh3 Rxc1 24. Rxc1 Qb7 25. b3 Nab6 26. Qh5 Re8 27. fxg7 Kxg7 28. Bf5
Nf8 29. Qh6+ Kg8 30. Qxd6 Nbd7 31. Qc6 1-0

[Event "M.Chigorin Memorial"]
[Site "St. Petersburg RUS"]
[Date "2009.10.19"]
[Round "4.93"]
[White "Sokolova, Vera"]
[Black "Yakimenko, Alexander A"]
[Result "1/2-1/2"]
[WhiteElo "2087"]
[BlackElo "2240"]
[PlyCount "82"]
[EventDate "2009.??.??"]

1. e4 e6 2. d4 d5 3. e5 c5 4. c3 Qb6 5. Nf3 Nc6 6. a3 c4 7. Be2 Na5 8. Nbd2 Be7
9. Rb1 Bd7 10. O-O g5 11. Ne1 O-O-O 12. b3 cxb3 13. Bb2 f6 14. c4 fxe5 15. dxe5
Bc6 16. Qc1 d4 17. Nd3 Nh6 18. c5 Qc7 19. Bf3 Nf5 20. Bxc6 Qxc6 21. Nc4 Nh4 22.
f3 Nxc4 23. Qxc4 Qd5 24. Rfc1 g4 25. Qxd5 Rxd5 26. Nf4 Rxc5 27. Rxc5+ Bxc5 28.
Rc1 b6 29. Nxe6 d3+ 30. Nxc5 d2 31. Rd1 bxc5 32. Rxd2 Rd8 33. Rxd8+ Kxd8 34.
fxg4 Ke7 35. Kf2 Ke6 36. Ke3 Nxg2+ 37. Kd3 Kd5 38. Kc3 c4 39. e6 Kxe6 40. Kxc4
Ne3+ 41. Kxb3 Nxg4 1/2-1/2

[Event "M.Chigorin Memorial"]
[Site "St. Petersburg RUS"]
[Date "2009.10.19"]
[Round "4.94"]
[White "Khojayan, Vardan"]
[Black "Komarov, Andrei"]
[Result "1-0"]
[WhiteElo "2229"]
[BlackElo "2020"]
[PlyCount "73"]
[EventDate "2009.??.??"]

1. d4 Nf6 2. c4 c6 3. Nf3 d6 4. Nc3 Nbd7 5. e4 e5 6. Be2 Be7 7. O-O a6 8. a4 a5
9. h3 O-O 10. Be3 Qc7 11. Qc2 Re8 12. Rad1 exd4 13. Nxd4 Nc5 14. Nf3 Na6 15.
Bf4 Nd7 16. Nd4 Ne5 17. Bg3 Nc5 18. Kh1 Bd7 19. f4 Ng6 20. e5 Rad8 21. Nf5 Bxf5
22. Qxf5 Bf8 23. exd6 Rxd6 24. Qg4 Rxd1 25. Bxd1 Qd8 26. h4 Qd3 27. Be2 Qc2 28.
h5 Ne7 29. f5 Qxb2 30. Nd1 Qd2 31. f6 Nf5 32. Qxf5 g6 33. hxg6 Qh6+ 34. Kg1
Rxe2 35. g7 Bxg7 36. fxg7 Qxg7 37. Qc8+ 1-0

[Event "M.Chigorin Memorial"]
[Site "St. Petersburg RUS"]
[Date "2009.10.19"]
[Round "4.95"]
[White "Polonsky, Pavel"]
[Black "Tovmasian, Vardges"]
[Result "0-1"]
[WhiteElo "2082"]
[BlackElo "2228"]
[PlyCount "82"]
[EventDate "2009.??.??"]

1. Nf3 Nf6 2. g3 d5 3. Bg2 c6 4. O-O Bg4 5. d3 e6 6. Nbd2 Be7 7. e4 O-O 8. e5
Nfd7 9. Qe2 c5 10. h3 Bxf3 11. Nxf3 Nc6 12. h4 Qc7 13. Bf4 Nd4 14. Nxd4 cxd4
15. Rfc1 Qb6 16. c4 dxc3 17. bxc3 Qa6 18. c4 Ba3 19. Rc2 dxc4 20. dxc4 Rac8 21.
Rd1 Rc7 22. Rcd2 Nb6 23. Qg4 Qxc4 24. Rd4 Qxa2 25. Bh6 f5 26. exf6 Rxf6 27. Bf4
Rcf7 28. Rd8+ Bf8 29. Be4 Qc4 30. R1d4 Qc5 31. Bg5 Rxf2 32. Qxe6 Kh8 33. Be3
R2f6 34. Qb3 Qa5 35. Qb1 Qc3 36. Rd3 Qe5 37. Bg2 Qxg3 38. Bd4 Rf1+ 39. Qxf1
Rxf1+ 40. Kxf1 Qxd3+ 41. Kg1 Qxd4+ 0-1

[Event "M.Chigorin Memorial"]
[Site "St. Petersburg RUS"]
[Date "2009.10.19"]
[Round "4.96"]
[White "Gromova, Iulia"]
[Black "Walseth, Tron"]
[Result "1/2-1/2"]
[WhiteElo "2227"]
[BlackElo "2020"]
[PlyCount "80"]
[EventDate "2009.??.??"]

1. d4 Nf6 2. c4 e6 3. Nf3 Bb4+ 4. Bd2 Qe7 5. g3 O-O 6. Bg2 Bxd2+ 7. Qxd2 d6 8.
Nc3 e5 9. e4 Bg4 10. O-O Bxf3 11. Bxf3 Nc6 12. d5 Nd4 13. Bg2 a5 14. Ne2 Nxe2+
15. Qxe2 Nd7 16. b3 Nc5 17. Qe3 c6 18. f4 f6 19. Rac1 cxd5 20. exd5 Rae8 21.
Rfe1 e4 22. Rc3 f5 23. a3 Qd7 24. b4 Nd3 25. Rb1 axb4 26. axb4 Qa4 27. c5 Rc8
28. Bf1 dxc5 29. Bxd3 exd3 30. bxc5 Qe4 31. Rxd3 Rxc5 32. Rxb7 Re8 33. Qxe4
fxe4 34. Ra3 e3 35. Raa7 e2 36. Rxg7+ Kh8 37. Rxh7+ Kg8 38. Rhg7+ Kh8 39. Rh7+
Kg8 40. Rhg7+ Kh8 1/2-1/2

[Event "M.Chigorin Memorial"]
[Site "St. Petersburg RUS"]
[Date "2009.10.19"]
[Round "4.97"]
[White "Panjkov, Oleg"]
[Black "Kopasov, Alexander"]
[Result "0-1"]
[WhiteElo "2054"]
[BlackElo "2227"]
[PlyCount "62"]
[EventDate "2009.??.??"]

1. e4 c5 2. Nc3 Nc6 3. g3 g6 4. Bg2 Bg7 5. d3 d6 6. f4 e6 7. Nf3 Nge7 8. O-O
O-O 9. Be3 Nd4 10. e5 Nef5 11. Bf2 Nxf3+ 12. Qxf3 Nd4 13. Qd1 dxe5 14. fxe5
Bxe5 15. Ne4 f5 16. Nxc5 Qc7 17. b4 f4 18. gxf4 Rxf4 19. c3 Nf5 20. Ne4 Bd7 21.
d4 Rxf2 22. Rxf2 Bxh2+ 23. Kh1 Rf8 24. d5 Qe5 25. c4 Bf4 26. Rb1 Ne3 27. Qf3
exd5 28. cxd5 Bg4 29. Nf6+ Rxf6 30. Qe4 Qh5+ 31. Kg1 Qh2# 0-1

[Event "M.Chigorin Memorial"]
[Site "St. Petersburg RUS"]
[Date "2009.10.19"]
[Round "4.98"]
[White "Pogosian, Vladimir"]
[Black "Bajaramov, Elvin"]
[Result "0-1"]
[WhiteElo "2223"]
[BlackElo "2019"]
[PlyCount "144"]
[EventDate "2009.??.??"]

1. e4 e5 2. Nf3 Nf6 3. Nc3 Nc6 4. g3 Bc5 5. Bg2 d6 6. d3 Be6 7. h3 Qd7 8. Ng5
O-O 9. Na4 Nd4 10. c3 Nc6 11. Nxc5 dxc5 12. Be3 b6 13. Nxe6 Qxe6 14. O-O Rad8
15. Qe2 Rd6 16. f4 Rfd8 17. fxe5 Nxe5 18. d4 cxd4 19. cxd4 Rxd4 20. Bxd4 Rxd4
21. Rad1 c5 22. b3 Qd6 23. g4 h6 24. Rxd4 cxd4 25. Bf3 Qc5 26. Qd2 Nxf3+ 27.
Rxf3 Nxe4 28. Qd3 Ng5 29. Rf1 Ne6 30. Qf5 Qc7 31. Qf3 g5 32. Rd1 Qc5 33. Re1
d3+ 34. Qf2 Qd5 35. Qf5 Qd4+ 36. Qf2 Qc3 37. Rd1 Nf4 38. Qe3 Qc6 39. Rd2 Nxh3+
40. Kh2 Nf4 41. Kg3 Qd6 42. Kf3 Kg7 43. Qe4 Ng6 44. Ke3 Ne5 45. Rd1 Qc5+ 46.
Qd4 Qxd4+ 47. Kxd4 Nxg4 48. Rxd3 f5 49. Rc3 f4 50. Ke4 Kg6 51. Rc7 Nf6+ 52. Kf3
Kf5 53. Rxa7 g4+ 54. Kf2 Ne4+ 55. Kg1 g3 56. Rh7 Kg5 57. Re7 Nf2 58. Kg2 h5 59.
Rg7+ Kf5 60. Rh7 Kg6 61. Rh8 Ne4 62. a4 Kg5 63. b4 Kg4 64. Rg8+ Ng5 65. a5 f3+
66. Kf1 bxa5 67. bxa5 h4 68. Kg1 h3 69. Rh8 f2+ 70. Kf1 Kf3 71. Rf8+ Ke3 72.
Re8+ Ne4 0-1

[Event "M.Chigorin Memorial"]
[Site "St. Petersburg RUS"]
[Date "2009.10.19"]
[Round "4.99"]
[White "Kurukin, Dmitry"]
[Black "Orlov, Anatoly"]
[Result "1-0"]
[WhiteElo "2222"]
[BlackElo "2009"]
[PlyCount "58"]
[EventDate "2009.??.??"]

1. d4 Nf6 2. c4 g6 3. Nc3 d5 4. cxd5 Nxd5 5. Bd2 Bg7 6. e4 Nxc3 7. Bxc3 O-O 8.
Bc4 c5 9. d5 e5 10. Nf3 Bg4 11. h3 Bxf3 12. Qxf3 Nd7 13. a4 Nb6 14. Be2 a5 15.
Qe3 Qc7 16. g4 h6 17. Qg3 Qe7 18. Qe3 Nc8 19. h4 b6 20. Bd2 Nd6 21. f3 f5 22.
exf5 gxf5 23. O-O-O f4 24. Qb3 Rab8 25. Rde1 c4 26. Qa3 Qd8 27. g5 h5 28. Bc3
b5 29. axb5 Rxb5 {Çàïèñü íåðàçáîð~~èâà} 1-0

[Event "M.Chigorin Memorial"]
[Site "St. Petersburg RUS"]
[Date "2009.10.19"]
[Round "4.100"]
[White "Tolkachiov, Vladimir"]
[Black "Butuc, Maria"]
[Result "0-1"]
[WhiteElo "2013"]
[BlackElo "2215"]
[PlyCount "120"]
[EventDate "2009.??.??"]

1. e4 c6 2. d4 d5 3. Nc3 dxe4 4. Nxe4 Nd7 5. Bc4 Ngf6 6. Ng5 e6 7. N1f3 h6 8.
Nh3 c5 9. O-O Be7 10. Qe2 O-O 11. c3 Nb6 12. Bb3 Qc7 13. Bf4 Bd6 14. dxc5 Qxc5
15. Bxd6 Qxd6 16. Rad1 Qc7 17. Ne5 Nbd5 18. Rd2 b6 19. Rfd1 Bb7 20. c4 Ba6 21.
Rd3 Nb4 22. Rg3 Nc6 23. Ng4 Nxg4 24. Qxg4 Qe5 25. Nf4 Rad8 26. Nd3 Qf6 27. Rf3
Qg5 28. Qe4 Nd4 29. Rg3 Qf5 30. Qe3 Qf6 31. Qe1 Bb7 32. Rd2 Nf5 33. Rg4 h5 34.
Rf4 g5 35. Re4 Bxe4 36. Qxe4 Rd4 37. Qe2 Rfd8 38. Bc2 Rxc4 39. Bb1 g4 40. Rd1
Rcd4 41. Re1 Qg5 42. a3 Nh4 43. Ne5 Qd2 44. Qxd2 Rxd2 45. Nc6 Rd1 46. Kf1 Rxe1+
47. Kxe1 Nxg2+ 48. Ke2 Rd7 49. b4 Nf4+ 50. Ke1 Kg7 51. Bc2 Kf6 52. Be4 Nd3+ 53.
Ke2 Ne5 54. b5 Nxc6 55. bxc6 Rc7 56. f4 gxf3+ 57. Bxf3 h4 58. Kd3 Ke5 59. Kc4
a6 60. a4 Kd6 0-1

[Event "M.Chigorin Memorial"]
[Site "St. Petersburg RUS"]
[Date "2009.10.19"]
[Round "4.101"]
[White "Berdychevaskaya, Natasha"]
[Black "Obrezchikov, Mikhail"]
[Result "1-0"]
[WhiteElo "2215"]
[BlackElo "1968"]
[PlyCount "137"]
[EventDate "2009.??.??"]

1. e4 c5 2. Nf3 Nc6 3. d4 cxd4 4. Nxd4 Nf6 5. Nc3 e6 6. Ndb5 d6 7. Bf4 e5 8.
Bg5 a6 9. Na3 Be6 10. Nc4 Rc8 11. Ne3 Be7 12. Bd3 Nxe4 13. Bxe4 Bxg5 14. Nf5
Bxf5 15. Bxf5 Rb8 16. O-O O-O 17. Nd5 Ne7 18. Be4 Nxd5 19. Bxd5 Qc7 20. Qe2 b5
21. Rfd1 Kh8 22. Rd3 f5 23. Rad1 e4 24. Rh3 g6 25. Rc3 Qe7 26. Rc6 a5 27. Ra6
a4 28. Bc6 Bf4 29. g3 Be5 30. Qe3 Qf6 31. c3 b4 32. Bxa4 bxc3 33. bxc3 f4 34.
Qe2 e3 35. g4 exf2+ 36. Qxf2 Rbc8 37. Bc6 Qe6 38. Bf3 Qc4 39. Ra7 Qxc3 40. a4
Rb8 41. Rd2 Rb4 42. Kg2 Qe3 43. Ra6 Rfb8 44. a5 Rb2 45. Qxe3 fxe3 46. Re2 Rxe2+
47. Bxe2 Rd8 48. Ra7 Rf8 49. Bf3 Bd4 50. Re7 Bc5 51. a6 Rb8 52. a7 Rb2+ 53. Kg3
Bxa7 54. Rxa7 Rd2 55. Re7 Rd3 56. Be2 Rc3 57. Kf3 h5 58. g5 Rc5 59. h4 Kg8 60.
Kxe3 Ra5 61. Re6 Ra4 62. Rxg6+ Kf7 63. Rf6+ Kg7 64. Rf4 Ra3+ 65. Kd4 Kg6 66.
Bd3+ Kg7 67. Rf6 Ra4+ 68. Bc4 Ra3 69. Rh6 1-0